书目信息 |
| 题名: |
与人交流、合作能力训练
|
|
| 作者: | 丁怡 , 杨琦 主编 | |
| 分册: | ||
| 出版信息: | 济南 山东教育出版社 2020.02 |
|
| 页数: | 208页 | |
| 开本: | 23cm | |
| 丛书名: | ||
| 单 册: | ||
| 中图分类: | H019 | |
| 科图分类: | ||
| 主题词: | 语音学 | |
| 电子资源: | ||
| ISBN: | 978-7-5701-0624-0 | |
| 000 | 00788nam0 2200217 450 | |
| 001 | 2451883650 | |
| 005 | 20241104142732.28 | |
| 010 | @a978-7-5701-0624-0@dCNY32.00 | |
| 100 | @a20241104d2020 km y0chiy0120 ea | |
| 101 | 0 | @achi |
| 102 | @aCN@b370000 | |
| 200 | 1 | @a与人交流、合作能力训练@AYu Ren Jiao Liu、He Zuo Neng Li Xun Lian@f丁怡, 杨琦主编@FDing Yi,Yang Qi Zhu Bian |
| 210 | @a济南@c山东教育出版社@d2020.02 | |
| 215 | @a208页@d23cm | |
| 300 | @a本书通过OTPAE六步训练法, 结合职业学院特点, 融合适合学生的各种活动内容, 培养学生综合利用教学资源, 通过训练使学生能够掌握核心素养能力中与人交流、合作的能力。 | |
| 606 | 0 | @a语音学 |
| 690 | @aH019@v4 | |
| 701 | 0 | @a丁怡@ADing Yi@4主编 |
| 701 | 0 | @a杨琦@AYang Qi@4主编 |
| 801 | 0 | @aCN@b河南城建学院图书馆@c20241104 |
| 905 | @dH019@eD5931 | |
| 与人交流、合作能力训练/丁怡, 杨琦主编.-济南:山东教育出版社,2020.02 |
| 208页;23cm |
| 本书通过OTPAE六步训练法, 结合职业学院特点, 融合适合学生的各种活动内容, 培养学生综合利用教学资源, 通过训练使学生能够掌握核心素养能力中与人交流、合作的能力。 |
| ISBN 978-7-5701-0624-0:CNY32.00 |
| ● |
| 相关链接 |
|
|
|
正题名:与人交流、合作能力训练
索取号:H019/D5931
 
预约/预借
| 序号 | 登录号 | 条形码 | 馆藏地/架位号 | 状态 | 备注 |
| 1 | 1553612 | 215536123 | 语言库209/209语言库 63排1列2层/ [索取号:H019/D5931] | 在馆 | |
| 2 | 1553613 | 215536132 | 语言库209/ [索取号:H019/D5931] | 在馆 |